<?xml version="1.0" encoding="UTF-8"?>
<marc:record xmlns:marc="http://www.loc.gov/MARC21/slim">
   <marc:leader>00000nam a2200000 a 4500</marc:leader>
   <marc:datafield ind1="1" ind2=" " tag="100">
      <marc:subfield code="a">Swift, Graham</marc:subfield>
      <marc:subfield code="4">aut</marc:subfield>
      <marc:subfield code="e">Verfasser/-in</marc:subfield>
   </marc:datafield>
   <marc:datafield ind1=" " ind2=" " tag="653">
      <marc:subfield code="a">England / Belletristik</marc:subfield>
   </marc:datafield>
   <marc:datafield ind1=" " ind2=" " tag="653">
      <marc:subfield code="a">Liebe / Belletristische Darstellung</marc:subfield>
   </marc:datafield>
   <marc:datafield ind1="0" ind2="0" tag="245">
      <marc:subfield code="a">Here We Are</marc:subfield>
   </marc:datafield>
   <marc:datafield ind1="0" ind2="0" tag="245">
      <marc:subfield code="c">Swift, Graham</marc:subfield>
   </marc:datafield>
   <marc:datafield ind1=" " ind2="1" tag="264">
      <marc:subfield code="a">New York [u.a.]</marc:subfield>
      <marc:subfield code="b">Scribner</marc:subfield>
   </marc:datafield>
   <marc:datafield ind1="1" ind2=" " tag="520">
      <marc:subfield code="a">Jack Robbins und Ronnie Dean sind Freunde, beide träumen vom Ruhm - Jack als Entertainer, Ronnie als Zauberer. Nach ihrer Militärzeit lassen sie endlich das berüchtigte Londoner East End hinter sich: Im mondänen Seebad Brighton steigen sie Ende der Fünfzigerjahre ins flirrende Showgeschäft ein. Als die bezaubernde Evie White zu ihnen stößt, kommt der ganz große Erfolg, und aus den Freunden werden Rivalen. Denn Evie - erst Ronnies Assistentin, später seine Verlobte - beginnt eine Affäre mit Jack. Wenig später verschwindet Ronnie während eines Auftritts und bleibt unauffindbar. Als könnte er wirklich zaubern.</marc:subfield>
   </marc:datafield>
   <marc:datafield ind1=" " ind2=" " tag="020">
      <marc:subfield code="a">9781471188930</marc:subfield>
      <marc:subfield code="9">9781471188930</marc:subfield>
   </marc:datafield>
   <marc:datafield ind1=" " ind2=" " tag="020">
      <marc:subfield code="a">1471188930</marc:subfield>
      <marc:subfield code="9">1471188930</marc:subfield>
   </marc:datafield>
   <marc:datafield ind1=" " ind2=" " tag="041">
      <marc:subfield code="a">eng</marc:subfield>
   </marc:datafield>
   <marc:datafield ind1=" " ind2=" " tag="338">
      <marc:subfield code="a">Band</marc:subfield>
   </marc:datafield>
   <marc:datafield ind1=" " ind2=" " tag="300">
      <marc:subfield code="a">195 S.</marc:subfield>
   </marc:datafield>
</marc:record>
